000 00847nam a22002771 4500
001 35849
003 BD-RjUL
005 20211209052405.0
008 140610t19671966nyu b 000 0 eng
035 _a(BD-RjUL)35945
040 _aDLC
_cDLC
_dDLC
_beng
041 _aeng
082 0 0 _a320.941
_bBUS 1966
100 1 _aBudge, Ian.
_9109186
245 1 0 _aScottish political behaviour ;
_ba case study in British homogeneity /
_c Ian Budge and Derek W. Urwin.
260 _aNew York :
_bBarnes & Noble ;
_cc1966
300 _axi, 148 p. ;
_c22 cm.
490 0 _aMonographs in politics
504 _aBibliography: p. 139-143.
650 0 _aVoting
_zScotland.
_9109187
650 0 _aPolitical psychology.
_93579
700 1 _aUrwin, Derek W.,
_ejoint author.
_974260
942 _2ddc
_cBK
999 _c35849
_d35849